00602pam a2200133 a 4500020002400000082002000024245016900044260009200213300003300305526003700338650000800375650004700383710003800430 a030903101X (pbk.) :00a666.893bNATcD10aProceedings of the National Seminar on Asphalt Pavement Recycling /cTransportation Research Board, Commission on Sociotechnical Systems, National Research Council. aWashington, D.C. :bTransportation Research Board, National Academy of Sciences,c1980. avi, 141 p. :bill. ;c28 cm. a0b0c0d666_893000000000000_NAT 0aMCE 0aPavements, AsphaltxRecyclingxCongresses.2 aNational Research Council (U.S.).